Markets (Record no. 83875)

MARC details
000 -LEADER
fixed length control field 01125cab a22002055a 4500
001 - CONTROL NUMBER
control field L155533
008 - FIXED-LENGTH DATA ELEMENTS--GENERAL INFORMATION
fixed length control field 120327e2012 xxk 000 0 eng d
035 ## - SYSTEM CONTROL NUMBER
System control number (Sirsi) u155533
041 0# - LANGUAGE CODE
Language code of text/sound track or separate title eng
100 1# - MAIN ENTRY--PERSONAL NAME
Personal name Stewart, Sarah
245 00 - TITLE STATEMENT
Title Markets
Remainder of title East Anglia and Essex
260 ## - PUBLICATION, DISTRIBUTION, ETC.
Date of publication, distribution, etc. 2012
490 #0 - SERIES STATEMENT
Series statement Property Week
Volume/sequential designation 78(12) 23 March 2012, 45-56(5)
520 ## - SUMMARY, ETC.
Summary, etc. Property tycoons, the Livingstone brothers, are in talks to buy the Crowne Plaza hotel in Cambridge. CPO issues might delay Wrenbridge's Laindon Shopping Centre redevelopment in Basildon. Urban and Civic is given the go-ahead for the first phase of it new town in Alconbury near Huntingdon. East of England Property Forum held its inaugural meeting. Trinity College, the wealthiest of the 31 Cambridge colleges with a £800m property portfolio, has acquired supermarket property for the first time. LaSalle Investment outlines its plans for the struggling 130 000 sq ft Tower Ramparts shopping centre in Ipswich bought in December 2011.
590 ## - LOCAL NOTE (RLIN)
Local note KA
651 #4 - SUBJECT ADDED ENTRY--GEOGRAPHIC NAME
Geographic name East Anglia
651 #4 - SUBJECT ADDED ENTRY--GEOGRAPHIC NAME
Geographic name Essex
690 ## - LOCAL SUBJECT ADDED ENTRY--TOPICAL TERM (OCLC, RLIN)
Topical term or geographic name as entry element Commercial property
9 (RLIN) 6227
942 ## - ADDED ENTRY ELEMENTS (KOHA)
Suppress in OPAC 0
Holdings
Withdrawn status Lost status Source of classification or shelving scheme Damaged status Not for loan Home library Current library Shelving location Date acquired Total Checkouts Full call number Barcode Date last seen Price effective from Koha item type
    Dewey Decimal Classification     London London Journal article 27/03/2012   L155533 155533-1001 06/08/2019 06/08/2019 Journal